Top ten states with the most serial killings - Statistics

General Stats
  • This quiz has been taken 37 times
  • The average score is 8 of 10
Answer Stats
Ranking Amount State % Correct
5th 677 New York
97%
1st 1,777 California
94%
3rd 933 Florida
94%
2nd 984 Texas
94%
10th 396 Washington
86%
8th 425 Michigan
78%
9th 409 Georgia
75%
4th 680 Illinois
75%
6th 505 Ohio
67%
7th 462 Pennsylvania
67%
No matching quizzes found
Score Distribution
Percent of People with Each Score
Percentile by Number Answered
Your Score History
You have not taken this quiz